HermitCraft Season 10: All Demise Deaths in Order - Statistics

General Stats
  • This quiz has been taken 20 times
  • The average score is 5 of 27
Answer Stats
Placement Player Death % Correct
27th impulseSV was shot by Skeleton
67%
13th GeminiTay was doomed to fall by Grian
56%
25th Skizzleman was doomed to fall by impulseSV
56%
26th Renthedog was blown up by Creeper
33%
22nd Docm77 was slain by Iron Golem
22%
1st falsesymmetry burned to death
22%
23rd Keralis1 was slain by Iron Golem
22%
3rd xBCrafted blew up
22%
2nd BdoubleO100 blew up
11%
16th cubfan135 was shot by Skeleton
11%
21st Etho was blown up by Creeper
11%
15th GoodTimeWithScar blew up
11%
17th Grian was doomed to fall by Zombie
11%
5th hypnotizd was impaled on a stalagmite
11%
14th iJevin was shot by Skeleton
11%
7th iskall85 was blown up by GoodTimeWithScar
11%
6th joehillssays was slain by Pufferfish
11%
8th Mumbo was doomed to fall by Phantom
11%
11th PearlescentMoon fell from a high place
11%
12th Smallishbeans was slain by Zombie
11%
10th Stressmonster101 blew up
11%
19th Tango was squashed by a falling anvil
11%
20th VintageBeef was impaled by Drowned
11%
4th Welsknight was impaled on a stalagmite while fighting iskall85
11%
9th Xisuma was impaled on a stalagmite
11%
18th Zedaph was burned to a crisp while fighting Zombie
11%
24th ZombieCleo tried to swim in lava
11%
No matching quizzes found
Score Distribution
Percent of People with Each Score
Percentile by Number Answered
Your Score History
You have not taken this quiz